000 00818nam0a22002651 4500
001 rc\3728040
005 20250610104526.0
021 _aRU
_b[73-24954]
035 _a(NLR Aleph) 007864577
090 _a7818286
_c7818286
100 _a20130115d1973 |||y0rusy50 ca
101 0 _arus
102 _aRU
105 _aa z |||||
200 1 _aДидактический материал по физике
_e8-й кл.
210 _aМосква
_cПросвещение
_d1973
215 _a142 с.
_cил.
_d21
225 1 _aПособие для учителей
606 _aФизика
_jМетодические пособия
_2psbo
700 1 _aСкрелин
_bЛ.И.
_gЛев Иванович
801 0 _aRU
_bNLR
_gpsbo
801 1 _aRU
_bELAR
_2rusmarc
852 _aNLR
_j73-5/934
942 _cBOOK
980 _aNB